000 01384cas a2200313 a 4500
005 20240925065631.0
006 s|||||o|||| 00| 0
008 991125c1991 sp fr p|o 000 0 spa d
022 _a2340-4507
035 _aUPN01000235885
040 _aMX-MxUPN
_bspa
_eaacr2
049 _aREV-E
245 0 0 _aAcciones e investigaciones sociales
_h[recurso electrónico en línea]
260 _aEspaña :
_bUniversidad de Zaragoza, Facultad de Ciencias Sociales y del Trabajo,
_c1991-
310 _aSemestral
362 0 _a1991-
506 0 _aAcceso abierto
510 1 _aDialnet
510 1 _aDoaj
510 1 _aLatindex
520 1 _a"La publicación tiene carácter pluridisciplinar, dado que en ella tienen cabida artículos vinculados a las diferentes disciplinas científicas que se imparten en el ámbito de la temática de estudio en la Facultad de Ciencias Sociales y del Trabajo: Relaciones Laborales, Mercado Laboral, Derecho del Trabajo, Contabilidad de Empresas, Trabajo Social, Servicios Sociales, Política Social, Economía Social, Estado del Bienestar".
_cAcciones e investigaciones sociales
650 4 _aCiencias sociales
_99133
650 4 _aTrabajo social
_96125
650 4 _aMercado laboral
_99469
650 4 _aSociología
_95756
856 4 0 _uhttps://papiro.unizar.es/ojs/index.php/ais/issue/view/247
905 _aRevista
942 _cREV-E
999 _c207980
_d207980